000 00342nam a2200133Ia 4500
008 240624s9999 xx 000 0 und d
041 _aeng
082 _a658.827 KIN
100 _aLANNON JUDIE
245 _aMASTER CLASS IN BRAND PLANNING THE TIMEL
260 _c2008
_aChichester
_bJohn Wiley and Sons
300 _a396 : p.
365 _c
_b30
999 _c17521
_d17521